Can forestry stem the flood? (Record no. 67423)

MARC details
000 -LEADER
fixed length control field 01001cam a2200229 4500
001 - CONTROL NUMBER
control field X113213
008 - FIXED-LENGTH DATA ELEMENTS--GENERAL INFORMATION
fixed length control field 000000n2001 000 0 eng u
035 ## - SYSTEM CONTROL NUMBER
System control number (Sirsi) u113213
100 ## - MAIN ENTRY--PERSONAL NAME
Personal name Nisbet, T.
245 ## - TITLE STATEMENT
Title Can forestry stem the flood?
260 ## - PUBLICATION, DISTRIBUTION, ETC.
Date of publication, distribution, etc. 2001
490 ## - SERIES STATEMENT
Series statement Forestry and British Timber
Volume/sequential designation 30(6) June 2001, 8-21(4)
520 ## - SUMMARY, ETC.
Summary, etc. Asks whether forestry has a role to play in reducing flooding through 'interception', the evaporation of water from the surface of the leaves during and after rainfall. Considers the interception of different forest types and how forest management practice can affect interception and flood flows, suggesting that replacing lost floodplain woodlands could provide flood retention although more research into this is needed.
650 ## - SUBJECT ADDED ENTRY--TOPICAL TERM
Topical term or geographic name entry element FLOOD PREVENTION
650 ## - SUBJECT ADDED ENTRY--TOPICAL TERM
Topical term or geographic name entry element FLOODING
650 ## - SUBJECT ADDED ENTRY--TOPICAL TERM
Topical term or geographic name entry element FORESTS
650 ## - SUBJECT ADDED ENTRY--TOPICAL TERM
Topical term or geographic name entry element FORESTRY MANAGEMENT
650 ## - SUBJECT ADDED ENTRY--TOPICAL TERM
Topical term or geographic name entry element INTERCEPTION
650 ## - SUBJECT ADDED ENTRY--TOPICAL TERM
Topical term or geographic name entry element WOODLANDS
690 ## - LOCAL SUBJECT ADDED ENTRY--TOPICAL TERM (OCLC, RLIN)
Topical term or geographic name as entry element RURAL-AGRICULTURE AND FORESTRY
942 ## - ADDED ENTRY ELEMENTS (KOHA)
Suppress in OPAC 0
Holdings
Withdrawn status Lost status Source of classification or shelving scheme Damaged status Not for loan Home library Current library Shelving location Date acquired Total Checkouts Full call number Barcode Date last seen Copy number Price effective from Koha item type
    Dewey Decimal Classification     London London Journal article 21/06/2001   X113213 113213-1001 06/08/2019 1 06/08/2019 Journal article